Derecho constitucional tributario /
Guardado en:
| Autor Principal: | |
|---|---|
| Otros Autores: | |
| Formato: | Libro |
| Idioma: | Spanish |
| Publicado: |
Buenos Aires :
Lexis Nexis,
2000.
|
| Edición: | 2a. ed. act. y amp. |
| Materias: | |
| Etiquetas: |
Agregar Etiqueta
Sin Etiquetas, Sea el primero en etiquetar este registro!
|
| LEADER | 00690nam a22001815a 4500 | ||
|---|---|---|---|
| 001 | DER.der001362 | ||
| 008 | 180615s2000####ag#||||||||||||||#||spa|| | ||
| 005 | 20241111123732.0 | ||
| 245 | 1 | 0 | |a Derecho constitucional tributario / |c Rodolfo R. Spisso, con prólogo de Germán Bidart Campos. |
| 250 | |a 2a. ed. act. y amp. | ||
| 260 | |a Buenos Aires : |b Lexis Nexis, |c 2000. | ||
| 300 | |a 685 p. | ||
| 505 | 0 | |a Principios constitucionales del gasto público. Doctrina judicial de la Corte Suprema de Justicia de la Nación | |
| 020 | |a 9501417948 | ||
| 100 | 1 | |a Spisso, Rodolfo R. | |
| 700 | 1 | |a Bidart Campos, Germán J., |e prol. | |
| 650 | 7 | |a DERECHO TRIBUTARIO | |
| 859 | |a DERECHO |b BIB. DERECHO |h 342.02 |i SPI |p 003443 | ||
